MESTSKÁ KNIŽNICA GIRALTOVCE  - online katalóg 

Vírus (Record no. 8040)

000 -NÁVESTIE
fixed length control field 00771nam a2200229 a 4500
008 - ÚDAJE S PEVNOU DĹŽKOU – VŠEOBECNÉ INFORMÁCIE
fixed length control field 070403s2007||||xo g 000 f slo d
020 ## - MEDZINÁRODNÉ ŠTANDARDNÉ ČÍSLO KNIHY (ISBN)
Medzinárodné štandardné číslo knihy (ISBN) 9788055114057
Qualifying information (viaz.)
Údaje o dostupnosti 299
040 ## - ZDROJ KATALOGIZÁCIE
Pôvodná katalogizujúca agentúra SNK
Jazyk katalogizácie slo
Prepisujúca agentúra SNK
Konvencie popisu AACR2
041 1# - KÓD JAZYKA
Kód jazyka textu/zvukovej stopy alebo samostatných nápisov slo
Kód jazyka originálu a/alebo sprostredkujúcich prekladov textu eng
044 ## - KÓD KRAJINY VYDAVATEĽA/PRODUCENTA
Kód krajiny MARC xo
Kód krajiny ISO SK
-- SK
072 #7 - KÓD PREDMETOVEJ KATEGÓRIE
Kód predmetovej kategórie 821.111(73)-3
Pododdiel kódu predmetovej kategórie Americká próza
Zdroj konspekt
080 ## - ČÍSLO MEDZINÁRODNÉHO DESATINNÉHO TRIEDENIA (MDT)
Číslo Medzinárodného desatinného triedenia (MDT) 821.111(73)-31
Identifikátor vydania 2001
080 ## - ČÍSLO MEDZINÁRODNÉHO DESATINNÉHO TRIEDENIA (MDT)
Číslo Medzinárodného desatinného triedenia (MDT) (0:82-312.4)
Identifikátor vydania 2001
100 1# - OSOBNÉ MENÁ – VŠEOBECNÉ INFORMÁCIE
Osobné meno Goldberg, Leonard S.,
Dátumy súvisiace s menom 1936-
240 10 - UNIFIKOVANÝ NÁZOV
Unifikovaný názov Fever cell
Jazyk diela Slovensky
245 10 - NÁZOV
Názov Vírus
Údaj o zodpovednosti atď. Leonard S. Goldberg ; [z anglického originálu preložila Katarína Bukovenová]
250 ## - ÚDAJ O PORADÍ VYDANIA
Údaj o poradí vydania [1.] slov. vyd.
260 ## - VYDAVATEĽSKÉ ÚDAJE, DISTRIBÚCIA ATĎ.
Miesto publikovania, distribúcie atď. Bratislava
Názov vydavateľa, distibútora atď. Ikar
Dátum publikovania, distribúcie atď. 2007
300 ## - FYZICKÝ POPIS
Rozsah 285 s.
Rozmery 21 cm
700 1# - PRIDANÝ VSTUP – OSOBNÉ MENO
Osobné meno Bukovenová, Katarína
Kód roly trl
765 0# - VÄZBA NA PÔVODNÝ JAZYK
Názov Fever cell. Slovensky
Záhlavie hlavného vstupu Goldberg, Leonard S., 1936-
Holdings
Stav stiahnutia (Blokovanie) (Withrawn status) Stav straty Zdroj klasifikácie pre skladovanie Stav poškodenia (Damaged status) Nie pre výpožičky (Not for loan) Spôsob nadobudnutia (Collection code) Trvalé umiestnenie Aktuálne umiestnenie Dátum nadobudnutia Náklady, bežná kúpna cena Inventárne číslo (prírastkové číslo) Celkom výpožičky Full call number Čiarový kód Dátum posledného výskytu Dátum poslednej výpôžičky Cena s účinnosťou od Typ jednotky Koha
          Kúpa Mestská knižnica Giraltovce Mestská knižnica Giraltovce 2019-11-29 299.00 07520 2 B1722 B1722 2022-11-08 2022-09-27 2019-11-29 Krásna literatúra pre dospelých

Powered by Koha